000
00307nam a2200133Ia 4500
008
231017s9999 xx 000 0 und d
082
_a
388.114
082
_b
PUB
245
0
_a
Public Attitudes to Congestion and Road Pricing
245
0
_c
UK Dept
260
_b
UK Dept
300
_c
30cm
942
_c
REP
999
_c
604281
_d
604281